les méchant disney - Statistiques

Statistiques générales
  • Ce quiz a été pris 140 fois
  • Le résultat moyen est 10 sur 15
Statistiques - réponses
indices méchants % Correct
" au nuit d'Arabie " jafar
91%
" elle se piquera le doigt " malefique
91%
c'est le dieu des enfer ! hades
88%
elle a pris la voix d'une sirène ursula
88%
il a tué son frère scar
84%
" coupez lui la tête !! " la reine de coeur
78%
il vit au pays imaginaire capitaine crochet
77%
surnommée diablesse cruella
74%
n'écoute que moi ! mère gothel
63%
il chasse mowgli shere khan
61%
sorcier de la nouvelle orléans docteur facilier
58%
il est narcissique gaston
49%
a besoin d'une femme de ménage madame de trémaine
34%
elle se transforme en plein de choses madame mime
29%
" miroir, miroir " méchante sorcière
12%
Aucun quiz correspondant
Distribution des résultats
% des personnes avec chaque résultat
Percentile par nombre de réponses
Votre historique - résultats
Vous n’avez pas pris ce quiz